00689nam a2200157 a 450000100100000000500170001000800410002704000250006824501040009326000650019730000270026204900090028995201050029895201110040399900170051400002937820200930055517.0110415s2006 dr a 000 0 spa d aDO-SdBNPbspacBNPHU00aCentro de investigación económica para el caribe= :bEnonomic Research Center for the Caribean. aSanto Domingo :bOxfam Internacional,c2006.fEditora Búho a20 p. :bil. ;c28 cm. aBNPD 0010718PDaPDbPDcCTd2011-04-15iLF1l0o p29378-10r2020-06-25w2020-06-25yLFPDZNo se presta 0010718PDaPDbPDcCTd2011-04-15iLF1l0o p29378-20r2020-06-25te. 2w2020-06-25yLFPDZNo se presta c28870d28870